Capital Names Created By 3 Letters - Statistics

General Stats
  • This quiz has been taken 33 times
  • The average score is 6 of 7
Answer Stats
Letters Capital % Correct
A C R Accra
93%
A M N Amman
93%
D I L Dili
89%
A N S Sana'a
85%
A I P Apia
81%
L O S Oslo
78%
A M N Manama
74%
No matching quizzes found
Score Distribution
Percent of People with Each Score
Percentile by Number Answered
Your Score History
You have not taken this quiz